| 000 | 00382nam a2200133Ia 4500 | ||
|---|---|---|---|
| 008 | 231019s9999 xx 000 0 und d | ||
| 082 |
_a657.0218 _bMOH-A |
||
| 100 | _aHafiz Mohyuddin Tahir Mahmood | ||
| 245 | 3 | _aAn Insight into International Financial Reporting Standards | |
| 260 |
_aLahore, Pakistan _bIlmi Kitab Khana _c2015 |
||
| 300 | _a575 | ||
| 650 | _aFinance | ||
| 999 |
_c34467 _d34467 |
||